[Event "Maikop Adygea Cup 74th"]
[Site "Maikop"]
[Date "2022.01.30"]
[Round "9"]
[White "Nosik, Valery"]
[Black "Sakharchuk, Artur"]
[Result "1-0"]
[WhiteElo "1391"]
[BlackElo "1532"]
[PlyCount "85"]
[EventDate "2022.01.22"]
[EventType "swiss"]
[EventRounds "9"]
[EventCountry "RUS"]
[SourceTitle "EXT 2023"]
[Source "ChessBase"]
[SourceDate "2022.10.05"]
[SourceVersion "1"]
[SourceVersionDate "2022.10.05"]
[SourceQuality "1"]

1. e4 c6 2. d4 d5 3. Nc3 dxe4 4. Nxe4 Bf5 5. Ng3 Bg6 6. Nf3 Nd7 7. Bd3 e6 8. 0-0 Ngf6 9. Re1 Bd6 10. Ne4 Bxe4 11. Bxe4 0-0 12. Qe2 Qc7 13. h3 h6 14. c3 Rfd8 15. Bc2 Rac8 16. Be3 c5 17. dxc5 Nxc5 18. Bd4 Ncd7 19. Nd2 Bc5 20. Bxc5 Nxc5 21. Nf3 Rd5 22. c4 Rd6 23. b4 Ncd7 24. c5 Rd5 25. Bb3 Rf5 26. Bxe6 Rf4 27. Bxd7 Qxd7 28. a3 a5 29. Qe5 Qc7 30. Rab1 axb4 31. axb4 b6 32. Qxc7 Rxc7 33. cxb6 Rb7 34. Re5 Rxb6 35. b5 Kf8 36. Rc1 g6 37. Rc7 Ne4 38. Rc4 f5 39. Nd2 g5 40. Nxe4 fxe4 41. Rc6 Rb7 42. b6 Kf7 43. Rc7+ 1-0

[Event "Maikop Adygea Cup 74th"]
[Site "Maikop"]
[Date "2022.01.28"]
[Round "7"]
[White "Sakharchuk, Artur"]
[Black "Arefyev, Vadim"]
[Result "1-0"]
[WhiteElo "1532"]
[BlackElo "1996"]
[PlyCount "93"]
[EventDate "2022.01.22"]
[EventType "swiss"]
[EventRounds "9"]
[EventCountry "RUS"]
[SourceTitle "EXT 2023"]
[Source "ChessBase"]
[SourceDate "2022.10.05"]
[SourceVersion "1"]
[SourceVersionDate "2022.10.05"]
[SourceQuality "1"]

1. d4 Nf6 2. c4 e6 3. Nc3 Bb4 4. Nf3 c5 5. g3 b6 6. Bg2 Bb7 7. 0-0 cxd4 8. Nb5 a6 9. Nbxd4 0-0 10. Bf4 Be7 11. Rc1 d6 12. Be3 Ng4 13. Bd2 Nd7 14. Bc3 Qc7 15. Nd2 Bxg2 16. Kxg2 Qb7+ 17. e4 Ngf6 18. Qe2 Nc5 19. Rfe1 Rfe8 20. Kg1 Na4 21. a3 Nxc3 22. Rxc3 Nd7 23. N2f3 Bf6 24. Rc2 Rac8 25. b4 Rc7 26. Rec1 Rec8 27. Qd3 h6 28. Nb3 d5 29. exd5 exd5 30. c5 bxc5 31. Nxc5 Nxc5 32. bxc5 Be7 33. Qd4 Qa7 34. c6 Qxd4 35. Nxd4 Bf6 36. Rd1 Kf8 37. Re2 g6 38. Kg2 Rd8 39. Rc2 Ke7 40. Rc5 Kd6 41. Ra5 Bxd4 42. Rxd4 Ke5 43. Rda4 Rxc6 44. f4+ Kf5 45. Rxa6 Rxa6 46. Rxa6 d4 47. Kf3 1-0

[Event "Maikop Adygea Cup 74th"]
[Site "Maikop"]
[Date "2022.01.23"]
[Round "2"]
[White "Kutkin, Alexey"]
[Black "Sakharchuk, Artur"]
[Result "0-1"]
[WhiteElo "1364"]
[BlackElo "1532"]
[PlyCount "68"]
[EventDate "2022.01.22"]
[EventType "swiss"]
[EventRounds "9"]
[EventCountry "RUS"]
[SourceTitle "EXT 2023"]
[Source "ChessBase"]
[SourceDate "2022.10.05"]
[SourceVersion "1"]
[SourceVersionDate "2022.10.05"]
[SourceQuality "1"]

1. e4 c6 2. c4 d5 3. e5 Bf5 4. d4 e6 5. Nc3 Nd7 6. h4 h5 7. c5 b6 8. b4 a5 9. cxb6 Bxb4 10. Qb3 Qxb6 11. Nge2 c5 12. Bd2 cxd4 13. Na4 Bxd2+ 14. Kxd2 Qb4+ 15. Kd1 Ne7 16. Qxb4 axb4 17. Nb2 Nxe5 18. Nxd4 0-0 19. f4 Ng4 20. Nxf5 Nxf5 21. Nd3 Ra3 22. Ke1 b3 23. Rh3 Nge3 24. Kf2 Rxa2+ 25. Rxa2 Ng4+ 26. Ke1 bxa2 27. Ne5 a1Q+ 28. Kd2 Rb8 29. Nxg4 hxg4 30. Rc3 Qxf1 31. h5 Rb2+ 32. Rc2 Qf2+ 33. Kd1 Qxc2+ 34. Ke1 Qe2# 0-1